000 00389nam a2200109Ia 4500
008 171204s9999 xx 000 0 und d
245 _aHydrocarbon and Lipid Microbiology Protocols: Field Studies:
245 _cBalbina Nogales, Kenneth N. Timmis, and Terry J. McGenity
260 _c2016
650 _xMicrobiology & Parasitology
856 _uhttp://down.ebook777.com/052/9783662531167.pdf
999 _c346397
_d346397